|
|
|
|
| LEADER |
01197nam a22003132a 4500 |
| 001 |
000432385 |
| 003 |
CZ BrMZK |
| 005 |
20260318103719.0 |
| 007 |
ta |
| 008 |
990307s1983 xr a f 000 0 cze d |
| 015 |
|
|
|a cnb000003594
|
| 040 |
|
|
|a ABA001
|b cze
|d ABA001
|d BOA001
|
| 080 |
|
|
|a 885.0-93
|2 undef
|
| 080 |
|
|
|a 885.0-31
|2 undef
|
| 100 |
1 |
|
|a Šmahelová, Helena,
|d 1910-1997
|7 jk01130497
|4 aut
|
| 245 |
1 |
0 |
|a Dora na cestách :
|b pro čtenáře od 12 let /
|c Helena Šmahelová ; il Kamil Lhoták
|
| 250 |
|
|
|a 2. vyd.
|
| 260 |
|
|
|a Praha :
|b Albatros,
|c 1983
|e (Brno :
|f Tisk)
|
| 300 |
|
|
|a 270 s. :
|b il. ;
|c 19 cm
|
| 490 |
1 |
|
|a Střelka ;
|v sv. 136
|
| 500 |
|
|
|a 50000 výt.
|
| 700 |
1 |
|
|a Lhoták, Kamil,
|d 1912-1990
|7 jk01072017
|4 ill
|
| 830 |
|
0 |
|a Střelka (Albatros)
|0 s
|
| 856 |
4 |
1 |
|u http://www.digitalniknihovna.cz/mzk/uuid/uuid:10c14fc0-24e2-11e3-a5bb-005056827e52
|y Digitalizovaný dokument
|x NDK
|
| 910 |
|
|
|a BOA001
|b PK-0085.446-83
|b 2-0866.716
|
| 990 |
|
|
|a BK
|
| 991 |
|
|
|b 200506
|
| 996 |
7 |
|
|b 2619366138
|c 2-0866.716
|l MZK
|r Sklad / do 1 hodiny
|n 0
|w 000432385
|u 000020
|a 1
|e BOA001
|j MZK50
|s A
|
| 996 |
7 |
|
|b 3119829622
|c PK-0085.446-83
|l MZK
|r Sklad / do 1 hodiny
|n 14
|w 000432385
|u 000010
|a 1
|e BOA001
|j MZK50
|s A
|